Výzkumný a vývojový potenciál československého průmyslu

Uložené v:
Podrobná bibliografia
Hlavný autor: Šlancarová, Helena
Ďalší autori: Boura, Jan
Médium: Kniha
Jazyk:Czech
Vydavateľské údaje: Praha Inst. říz. 1985
Vydanie:1. vyd.
Edícia:Výsledky výzkumu IŘ F 57
Tagy: Pridať tag
Žiadne tagy, Buďte prvý, kto otaguje tento záznam!

MARC

LEADER 00000nam a2200000 4500
001 c024958
005 20221220080644.6
041 0 |a cze 
044 |a CZ 
245 1 0 |a Výzkumný a vývojový potenciál československého průmyslu  |c Helena Šlancarová, Jan Boura 
250 |a 1. vyd. 
264 1 |a Praha  |b Inst. říz.  |c 1985 
300 |a 89 s. 
490 1 |a Výsledky výzkumu IŘ  |v F 57 
830 0 |a Výsledky výzkumu IŘ  |v F 57 
100 1 |a Šlancarová, Helena 
700 1 |a Boura, Jan